00315nam a2200109Ia 4500008004100000082000800041100001800049245002200067942000600089952009500095999001500190240331s9999 xx 000 0 und d bTUR aTurrow,Scott  0aPersonal Injuries cL 001040708LaWERCLbWERCLcSSCd2024-03-31l0o 823 TURp6795r2024-03-31w2024-03-31yL c5801d5801